[Event "Varese Province-ch"]
[Site "Gallarate"]
[Date "2013.01.20"]
[Round "2"]
[White "Nossa, Mauro"]
[Black "Collaro, Paolo"]
[Result "1/2-1/2"]
[WhiteElo "1598"]
[BlackElo "1629"]
[PlyCount "83"]
[EventDate "2013.01.19"]
[EventType "swiss"]
[EventRounds "6"]
[EventCountry "ITA"]
[SourceTitle "EXT 2024"]
[Source "ChessBase"]
[SourceDate "2023.10.10"]
[SourceVersion "1"]
[SourceVersionDate "2023.10.10"]
[SourceQuality "1"]

1. d4 d5 2. c4 c6 3. Nc3 dxc4 4. a4 e5 5. e3 exd4 6. Qxd4 Qxd4 7. exd4 Be6 8. Nf3 Na6 9. g3 Nb4 10. Kd2 Nf6 11. h3 c5 12. Nb5 Nbd5 13. Bxc4 cxd4 14. Nbxd4 Bb4+ 15. Kd1 0-0 16. Nxe6 fxe6 17. Bxd5 Nxd5 18. Ke2 Rac8 19. Rd1 Rc2+ 20. Nd2 Rfc8 21. Kd3 Bxd2 22. Bxd2 Rxb2 23. Rab1 Rcc2 24. Rxb2 Rxb2 25. a5 b6 26. axb6 axb6 27. Ke4 Kf7 28. h4 Rc2 29. Kd3 Rc8 30. Kd4 b5 31. Rb1 Rb8 32. Rb2 b4 33. Ke5 h5 34. Kd6 g6 35. Kc5 Kf6 36. Bg5+ Kf5 37. Kd4 Rb7 38. Rb3 Nc3 39. Kc4 Nd5 40. Kd3 Rc7 41. Bd2 Rb7 42. Kd4 1/2-1/2